[Event "Deutsche Ländermeisterschaft 2021"]
[Site "Neumünster GER"]
[Date "2021.10.05"]
[Round "6"]
[White "Färber, David"]
[Black "Costa, Leonardo"]
[Result "1/2-1/2"]
[Termination "normal"]
[Board "1.1"]
[BlackTitle "FM"]
[WhiteElo "2318"]
[BlackElo "2336"]
[WhiteClock "00:29:28"]
[BlackClock "00:28:34"]
[WhiteTeam "Baden"]
[BlackTeam "Bayern"]
[PlyCount "82"]
[WhiteFideId "12971294"]
[BlackFideId "16213955"]
[EventCountry "GER"]
[EventRounds "7"]
[EventType "team-swiss"]
[EventDate "2021.10.01"]

1. Nf3 {[%clk 1:30:56]} Nf6 {[%clk 1:30:31]} 2. b3 {[%clk 1:31:19]} d5 {[%clk
1:30:14]} 3. Bb2 {[%clk 1:31:41]} e6 {[%clk 1:30:37]} 4. g3 {[%clk 1:31:40]}
Be7 {[%clk 1:29:22]} 5. Bg2 {[%clk 1:31:56]} O-O {[%clk 1:27:52]} 6. c4 {[%clk
1:30:45]} Nbd7 {[%clk 1:25:10]} 7. O-O {[%clk 1:28:17]} c6 {[%clk 1:19:56]} 8.
d4 {[%clk 1:19:16]} b6 {[%clk 1:19:18]} 9. Nc3 {[%clk 1:08:30]} Ba6 {[%clk
1:19:27]} 10. Nd2 {[%clk 1:05:03]} b5 {[%clk 1:18:29]} 11. Rc1 {[%clk 0:57:21]}
bxc4 {[%clk 0:58:08]} 12. bxc4 {[%clk 0:56:34]} dxc4 {[%clk 0:56:50]} 13. Bxc6
{[%clk 0:50:42]} Rb8 {[%clk 0:57:01]} 14. Ba1 {[%clk 0:48:56]} Nb6 {[%clk
0:51:09]} 15. Bg2 {[%clk 0:34:09]} Nfd5 {[%clk 0:46:09]} 16. Nde4 {[%clk
0:30:28]} Nxc3 {[%clk 0:39:31]} 17. Nxc3 {[%clk 0:27:28]} Qd7 {[%clk 0:37:17]}
18. Ne4 {[%clk 0:22:33]} Rfc8 {[%clk 0:31:19]} 19. Qd2 {[%clk 0:21:11]} Bb7
{[%clk 0:23:42]} 20. Rfd1 {[%clk 0:15:43]} Bxe4 {[%clk 0:19:38]} 21. Bxe4
{[%clk 0:16:00]} Nd5 {[%clk 0:19:39]} 22. Bc3 {[%clk 0:14:16]} Nxc3 {[%clk
0:16:20]} 23. Qxc3 {[%clk 0:14:40]} Bb4 {[%clk 0:16:16]} 24. Qc2 {[%clk
0:15:00]} g6 {[%clk 0:16:17]} 25. Rb1 {[%clk 0:13:24]} Rb6 {[%clk 0:13:35]} 26.
e3 {[%clk 0:12:15]} c3 {[%clk 0:13:06]} 27. Rb3 {[%clk 0:11:31]} Qe7 {[%clk
0:12:55]} 28. Rdb1 {[%clk 0:09:42]} Rcb8 {[%clk 0:13:11]} 29. Bd3 {[%clk
0:07:06]} Kg7 {[%clk 0:12:13]} 30. Be4 {[%clk 0:06:11]} h5 {[%clk 0:11:16]} 31.
h4 {[%clk 0:06:25]} Ba5 {[%clk 0:10:59]} 32. Rxb6 {[%clk 0:06:06]} axb6 {[%clk
0:10:54]} 33. Rb5 {[%clk 0:05:34]} Rc8 {[%clk 0:11:08]} 34. Bd3 {[%clk
0:05:12]} Qf6 {[%clk 0:09:30]} 35. Kg2 {[%clk 0:05:04]} Rc7 {[%clk 0:08:34]}
36. Rg5 {[%clk 0:04:36]} Re7 {[%clk 0:06:57]} 37. Re5 {[%clk 0:04:39]} Ra7
{[%clk 0:04:42]} 38. Rg5 {[%clk 0:04:51]} Rb7 {[%clk 0:04:21]} 39. Be4 {[%clk
0:04:40]} Re7 {[%clk 0:04:25]} 40. Re5 {[%clk 0:04:10]} Rc7 {[%clk 0:02:54]}
41. Rg5 {[%clk 0:29:28]} Rc4 {[%clk 0:28:34]} 1/2-1/2

[Event "Deutsche Ländermeisterschaft 2021"]
[Site "Neumünster GER"]
[Date "2021.10.05"]
[Round "6"]
[White "Kolb, Tobias"]
[Black "Dauner, Benedikt"]
[Result "0-1"]
[Termination "normal"]
[Board "1.2"]
[WhiteTitle "FM"]
[WhiteElo "2311"]
[BlackElo "2133"]
[WhiteClock "00:02:26"]
[BlackClock "00:34:04"]
[WhiteTeam "Bayern"]
[BlackTeam "Baden"]
[PlyCount "120"]
[WhiteFideId "12992321"]
[BlackFideId "16225899"]
[EventCountry "GER"]
[EventRounds "7"]
[EventType "team-swiss"]
[EventDate "2021.10.01"]

1. d4 {[%clk 1:30:59]} d5 {[%clk 1:30:53]} 2. c4 {[%clk 1:31:24]} e6 {[%clk
1:31:19]} 3. Nc3 {[%clk 1:31:49]} a6 {[%clk 1:31:46]} 4. cxd5 {[%clk 1:25:13]}
exd5 {[%clk 1:32:09]} 5. Bf4 {[%clk 1:23:57]} Nf6 {[%clk 1:32:26]} 6. e3 {[%clk
1:24:24]} c5 {[%clk 1:32:12]} 7. dxc5 {[%clk 1:23:11]} Bxc5 {[%clk 1:32:27]} 8.
Nf3 {[%clk 1:18:08]} Nc6 {[%clk 1:32:46]} 9. Be2 {[%clk 1:16:54]} O-O {[%clk
1:33:09]} 10. O-O {[%clk 1:16:59]} d4 {[%clk 1:33:35]} 11. exd4 {[%clk
1:14:52]} Nxd4 {[%clk 1:33:57]} 12. Nxd4 {[%clk 1:15:16]} Bxd4 {[%clk 1:34:21]}
13. Bf3 {[%clk 1:10:17]} Qb6 {[%clk 1:30:37]} 14. Na4 {[%clk 0:55:32]} Qa7
{[%clk 1:30:55]} 15. Bd6 {[%clk 0:55:39]} Re8 {[%clk 1:30:48]} 16. Rc1 {[%clk
0:55:47]} Bg4 {[%clk 1:04:42]} 17. Bxg4 {[%clk 0:41:39]} Rad8 {[%clk 1:05:01]}
18. Bg3 {[%clk 0:41:59]} Be3 {[%clk 1:04:39]} 19. Rc8 {[%clk 0:34:16]} Rxd1
{[%clk 1:00:26]} 20. Rxe8+ {[%clk 0:34:18]} Nxe8 {[%clk 1:00:49]} 21. Rxd1
{[%clk 0:34:45]} Bd4 {[%clk 1:00:46]} 22. Re1 {[%clk 0:29:39]} Kf8 {[%clk
0:55:08]} 23. Bd7 {[%clk 0:26:22]} Nf6 {[%clk 0:55:10]} 24. Bf5 {[%clk
0:07:47]} g6 {[%clk 0:54:30]} 25. Bc2 {[%clk 0:07:33]} Nh5 {[%clk 0:45:05]} 26.
Bd6+ {[%clk 0:07:18]} Kg7 {[%clk 0:45:19]} 27. Re8 {[%clk 0:04:44]} b5 {[%clk
0:38:58]} 28. Bf8+ {[%clk 0:04:25]} Kf6 {[%clk 0:39:20]} 29. Be7+ {[%clk
0:04:42]} Qxe7 {[%clk 0:39:42]} 30. Rxe7 Kxe7 {[%clk 0:40:05]} 31. Nc3 {[%clk
0:05:37]} Bxc3 {[%clk 0:39:51]} 32. bxc3 {[%clk 0:06:05]} Nf4 {[%clk 0:40:06]}
33. Kf1 {[%clk 0:04:43]} Nd5 {[%clk 0:40:11]} 34. Ke1 {[%clk 0:01:26]} Nxc3
{[%clk 0:40:27]} 35. a3 {[%clk 0:01:53]} Nd5 {[%clk 0:36:30]} 36. Kd2 {[%clk
0:02:15]} Kd6 {[%clk 0:36:27]} 37. Bb3 {[%clk 0:02:14]} Ke5 {[%clk 0:34:40]}
38. Kd3 {[%clk 0:02:00]} g5 {[%clk 0:33:09]} 39. g3 {[%clk 0:02:15]} f5 {[%clk
0:30:17]} 40. Bd1 {[%clk 0:01:16]} Nb6 {[%clk 0:27:25]} 41. Kc3 {[%clk
0:29:08]} Nd5+ {[%clk 0:56:28]} 42. Kd3 {[%clk 0:29:24]} Nf6 {[%clk 0:49:13]}
43. f3 {[%clk 0:17:26]} h5 {[%clk 0:49:22]} 44. a4 {[%clk 0:12:58]} bxa4 {[%clk
0:49:17]} 45. Bxa4 {[%clk 0:13:25]} f4 {[%clk 0:49:31]} 46. Bc6 {[%clk
0:12:00]} Nd5 {[%clk 0:47:10]} 47. Bd7 {[%clk 0:03:03]} Nf6 {[%clk 0:42:26]}
48. Bc6 {[%clk 0:03:05]} a5 {[%clk 0:42:51]} 49. Kc4 {[%clk 0:02:47]} Ng8
{[%clk 0:37:27]} 50. Kb5 {[%clk 0:01:23]} Ne7 {[%clk 0:37:28]} 51. Be8 {[%clk
0:01:42]} h4 {[%clk 0:32:24]} 52. gxh4 {[%clk 0:02:03]} gxh4 {[%clk 0:32:48]}
53. Kxa5 {[%clk 0:02:32]} Kd4 {[%clk 0:33:00]} 54. Kb5 {[%clk 0:02:20]} Ke3
{[%clk 0:33:21]} 55. Bh5 {[%clk 0:02:46]} Nf5 {[%clk 0:32:57]} 56. Kc5 {[%clk
0:03:13]} Nd4 {[%clk 0:33:15]} 57. Kd5 {[%clk 0:02:44]} Nxf3 {[%clk 0:33:31]}
58. Ke6 {[%clk 0:01:55]} Nxh2 {[%clk 0:33:26]} 59. Kf5 {[%clk 0:02:19]} h3
{[%clk 0:33:45]} 60. Kg5 {[%clk 0:02:26]} Nf1 {[%clk 0:34:04]} 0-1

[Event "Deutsche Ländermeisterschaft 2021"]
[Site "Neumünster GER"]
[Date "2021.10.05"]
[Round "6"]
[White "Hecht, Jonas Christian"]
[Black "Schneider, Jana"]
[Result "0-1"]
[Termination "normal"]
[Board "1.3"]
[BlackTitle "FM"]
[WhiteElo "1968"]
[BlackElo "2283"]
[WhiteClock "00:07:07"]
[BlackClock "00:27:34"]
[WhiteTeam "Baden"]
[BlackTeam "Bayern"]
[PlyCount "64"]
[WhiteFideId "16214846"]
[BlackFideId "12924997"]
[EventCountry "GER"]
[EventRounds "7"]
[EventType "team-swiss"]
[EventDate "2021.10.01"]

1. e4 {[%clk 1:30:57]} e5 {[%clk 1:30:53]} 2. Nf3 {[%clk 1:31:20]} Nc6 {[%clk
1:31:16]} 3. d4 {[%clk 1:31:13]} exd4 {[%clk 1:31:39]} 4. Nxd4 {[%clk 1:31:36]}
Bc5 {[%clk 1:31:39]} 5. Nxc6 {[%clk 1:30:38]} bxc6 {[%clk 1:32:00]} 6. Nc3
{[%clk 1:26:42]} Qh4 7. g3 {[%clk 1:25:03]} Qe7 {[%clk 1:25:07]} 8. Bf4 {[%clk
1:16:03]} Nf6 {[%clk 1:22:37]} 9. Qe2 {[%clk 1:10:06]} Bb4 {[%clk 1:07:26]} 10.
e5 {[%clk 1:00:06]} Nd5 {[%clk 1:05:49]} 11. Bd2 {[%clk 0:52:32]} Nxc3 {[%clk
1:01:51]} 12. bxc3 {[%clk 0:49:16]} Ba3 {[%clk 1:01:46]} 13. Qe4 {[%clk
0:44:01]} d5 {[%clk 0:59:04]} 14. Qa4 {[%clk 0:35:11]} O-O {[%clk 0:57:04]} 15.
f4 {[%clk 0:29:19]} f6 {[%clk 0:51:57]} 16. Bg2 {[%clk 0:25:00]} Qc5 {[%clk
0:47:06]} 17. Qd4 {[%clk 0:22:43]} fxe5 {[%clk 0:46:59]} 18. fxe5 {[%clk
0:20:07]} Qxd4 {[%clk 0:46:01]} 19. cxd4 {[%clk 0:19:38]} Bb2 {[%clk 0:46:25]}
20. Rd1 {[%clk 0:20:07]} Bxd4 {[%clk 0:44:55]} 21. Bb4 {[%clk 0:19:27]} Bf2+
{[%clk 0:43:53]} 22. Ke2 {[%clk 0:16:57]} Ba6+ {[%clk 0:38:34]} 23. Rd3 {[%clk
0:16:21]} Bxd3+ {[%clk 0:34:34]} 24. cxd3 {[%clk 0:16:10]} Rf7 {[%clk 0:31:30]}
25. Bh3 {[%clk 0:14:09]} Re8 {[%clk 0:31:27]} 26. e6 {[%clk 0:11:58]} Bd4
{[%clk 0:31:35]} 27. Rf1 {[%clk 0:11:06]} Rxf1 {[%clk 0:31:07]} 28. Kxf1 {[%clk
0:11:34]} c5 {[%clk 0:29:39]} 29. Bd2 {[%clk 0:10:18]} Be5 {[%clk 0:28:12]} 30.
Ke2 {[%clk 0:09:07]} Kf8 {[%clk 0:27:43]} 31. Bg5 {[%clk 0:08:20]} h6 {[%clk
0:27:27]} 32. Be3 {[%clk 0:07:07]} Bd6 {[%clk 0:27:34]} 0-1

[Event "Deutsche Ländermeisterschaft 2021"]
[Site "Neumünster GER"]
[Date "2021.10.05"]
[Round "6"]
[White "Weller, Uli"]
[Black "Doll, Rebecca"]
[Result "1/2-1/2"]
[Termination "normal"]
[Board "1.4"]
[WhiteElo "2188"]
[BlackElo "1970"]
[WhiteClock "00:01:25"]
[BlackClock "00:03:38"]
[WhiteTeam "Bayern"]
[BlackTeam "Baden"]
[PlyCount "72"]
[WhiteFideId "12971782"]
[BlackFideId "16236890"]
[EventCountry "GER"]
[EventRounds "7"]
[EventType "team-swiss"]
[EventDate "2021.10.01"]

1. e4 {[%clk 1:30:55]} e5 {[%clk 1:30:55]} 2. Nf3 {[%clk 1:31:17]} Nc6 {[%clk
1:30:54]} 3. d4 {[%clk 1:31:38]} exd4 {[%clk 1:30:59]} 4. Bc4 {[%clk 1:31:59]}
Bc5 {[%clk 1:31:16]} 5. c3 {[%clk 1:31:59]} Nf6 {[%clk 1:31:41]} 6. e5 {[%clk
1:30:27]} d5 {[%clk 1:31:53]} 7. Bb5 {[%clk 1:29:59]} Ne4 {[%clk 1:32:08]} 8.
cxd4 {[%clk 1:30:15]} Bb6 {[%clk 1:32:26]} 9. Be3 {[%clk 1:24:02]} O-O {[%clk
1:30:19]} 10. Nc3 {[%clk 1:11:38]} Be6 {[%clk 1:19:00]} 11. O-O {[%clk
1:09:59]} f6 {[%clk 1:11:41]} 12. Rc1 {[%clk 1:01:19]} Bg4 {[%clk 1:01:46]} 13.
Nxd5 {[%clk 0:49:49]} Kh8 {[%clk 0:47:12]} 14. Nxb6 {[%clk 0:34:30]} axb6
{[%clk 0:47:09]} 15. Bxc6 {[%clk 0:34:32]} bxc6 {[%clk 0:47:01]} 16. Qc2 {[%clk
0:33:46]} Bxf3 {[%clk 0:45:12]} 17. gxf3 {[%clk 0:34:06]} Ng5 {[%clk 0:45:22]}
18. Bxg5 {[%clk 0:30:02]} fxg5 {[%clk 0:44:07]} 19. Qxc6 {[%clk 0:29:38]} Qxd4
{[%clk 0:41:21]} 20. e6 {[%clk 0:28:05]} Rae8 {[%clk 0:37:54]} 21. Rfe1 {[%clk
0:22:18]} Re7 {[%clk 0:34:48]} 22. Re2 {[%clk 0:12:22]} g4 {[%clk 0:26:41]} 23.
fxg4 {[%clk 0:06:33]} Qxg4+ {[%clk 0:26:52]} 24. Kf1 {[%clk 0:06:56]} Rfe8
{[%clk 0:24:21]} 25. Rc3 {[%clk 0:06:22]} Qg6 {[%clk 0:18:15]} 26. Qe4 {[%clk
0:03:22]} Qh6 {[%clk 0:15:30]} 27. Qg4 {[%clk 0:02:49]} Qxh2 {[%clk 0:12:41]}
28. Rh3 {[%clk 0:02:54]} Qd6 {[%clk 0:13:05]} 29. Qg6 {[%clk 0:02:52]} Qd1+
{[%clk 0:11:08]} 30. Kg2 {[%clk 0:02:39]} h6 {[%clk 0:11:12]} 31. Re5 {[%clk
0:02:33]} Qc1 {[%clk 0:08:41]} 32. Rf3 {[%clk 0:01:07]} Qc6 {[%clk 0:06:04]}
33. Ref5 {[%clk 0:00:36]} Rg8 {[%clk 0:05:57]} 34. Re5 {[%clk 0:00:41]} Rge8
{[%clk 0:04:36]} 35. Ref5 {[%clk 0:01:04]} Rg8 {[%clk 0:04:49]} 36. Re5 {[%clk
0:01:25]} Rge8 {[%clk 0:03:38]} 1/2-1/2

[Event "Deutsche Ländermeisterschaft 2021"]
[Site "Neumünster GER"]
[Date "2021.10.05"]
[Round "6"]
[White "Nied, Pascal"]
[Black "Butenandt, Svenja"]
[Result "1/2-1/2"]
[Termination "normal"]
[Board "1.5"]
[WhiteElo "1878"]
[BlackElo "2009"]
[WhiteClock "00:02:32"]
[BlackClock "00:16:56"]
[WhiteTeam "Baden"]
[BlackTeam "Bayern"]
[PlyCount "121"]
[WhiteFideId "16260597"]
[BlackFideId "12993859"]
[EventCountry "GER"]
[EventRounds "7"]
[EventType "team-swiss"]
[EventDate "2021.10.01"]

1. e4 {[%clk 1:30:58]} c5 {[%clk 1:30:56]} 2. Nf3 {[%clk 1:31:25]} e6 {[%clk
1:31:21]} 3. d4 {[%clk 1:31:51]} cxd4 {[%clk 1:31:47]} 4. Nxd4 {[%clk 1:32:18]}
a6 {[%clk 1:32:11]} 5. c4 {[%clk 1:32:44]} Nf6 {[%clk 1:32:13]} 6. Nc3 {[%clk
1:33:09]} Qc7 {[%clk 1:32:29]} 7. a3 {[%clk 1:33:34]} b6 {[%clk 1:32:40]} 8.
Be2 {[%clk 1:33:25]} Bb7 {[%clk 1:32:54]} 9. f3 {[%clk 1:33:45]} d6 {[%clk
1:32:47]} 10. Be3 {[%clk 1:34:02]} Nbd7 {[%clk 1:33:00]} 11. O-O {[%clk
1:33:42]} Be7 {[%clk 1:33:26]} 12. Rc1 {[%clk 1:33:45]} O-O {[%clk 1:33:29]}
13. Qd2 {[%clk 1:34:07]} Rac8 {[%clk 1:33:11]} 14. Rfd1 {[%clk 1:34:20]} Qb8
{[%clk 1:31:13]} 15. b4 {[%clk 1:34:44]} Bd8 {[%clk 1:21:34]} 16. Nb3 {[%clk
1:35:06]} Bc7 {[%clk 1:21:52]} 17. Bf4 {[%clk 1:35:30]} Ne5 {[%clk 1:04:23]}
18. Bxe5 {[%clk 1:35:52]} dxe5 {[%clk 1:04:49]} 19. c5 {[%clk 1:36:16]} bxc5
{[%clk 1:00:54]} 20. Nxc5 {[%clk 1:36:28]} Bb6 {[%clk 0:52:41]} 21. N3a4 {[%clk
1:36:28]} Bc6 {[%clk 0:51:26]} 22. Nxb6 {[%clk 1:11:06]} Qxb6 {[%clk 0:51:22]}
23. Bxa6 {[%clk 1:10:48]} Ra8 {[%clk 0:51:23]} 24. Qf2 {[%clk 1:09:19]} Ba4
{[%clk 0:47:34]} 25. Nxa4 {[%clk 0:57:53]} Qxf2+ {[%clk 0:46:37]} 26. Kxf2
{[%clk 0:58:21]} Rxa6 {[%clk 0:46:59]} 27. Nb2 {[%clk 0:51:16]} Rxa3 {[%clk
0:46:50]} 28. Nc4 {[%clk 0:49:59]} Ra2+ {[%clk 0:46:01]} 29. Rd2 {[%clk
0:49:18]} Rxd2+ {[%clk 0:45:18]} 30. Nxd2 {[%clk 0:49:46]} Rb8 {[%clk 0:42:47]}
31. b5 {[%clk 0:40:51]} Ne8 {[%clk 0:32:17]} 32. Rb1 {[%clk 0:38:47]} Nd6
{[%clk 0:31:21]} 33. b6 {[%clk 0:21:57]} Kf8 {[%clk 0:29:54]} 34. f4 {[%clk
0:13:31]} f6 {[%clk 0:22:23]} 35. fxe5 {[%clk 0:12:34]} fxe5 {[%clk 0:22:47]}
36. Rb4 {[%clk 0:09:53]} Ke7 {[%clk 0:21:52]} 37. Nb3 {[%clk 0:09:25]} Kd7
{[%clk 0:18:18]} 38. Nc5+ {[%clk 0:07:49]} Kc6 {[%clk 0:15:39]} 39. Nxe6 {[%clk
0:07:59]} Rxb6 {[%clk 0:15:46]} 40. Rxb6+ {[%clk 0:02:52]} Kxb6 {[%clk
0:16:11]} 41. Kf3 {[%clk 0:18:41]} Ne8 {[%clk 0:39:10]} 42. Kg4 {[%clk
0:18:20]} Nd6 {[%clk 0:36:13]} 43. Nxg7 {[%clk 0:16:28]} Nxe4 {[%clk 0:36:10]}
44. Kf5 {[%clk 0:16:47]} Nf2 {[%clk 0:35:23]} 45. h3 {[%clk 0:14:47]} Nd3
{[%clk 0:34:30]} 46. Ne6 {[%clk 0:14:33]} Kc6 {[%clk 0:33:40]} 47. Ke4 {[%clk
0:14:01]} Kd6 {[%clk 0:29:33]} 48. Ng5 {[%clk 0:12:56]} Nf4 {[%clk 0:28:02]}
49. g3 {[%clk 0:11:34]} Nh5 {[%clk 0:27:47]} 50. g4 {[%clk 0:09:55]} Nf4 {[%clk
0:26:22]} 51. h4 {[%clk 0:06:53]} h5 {[%clk 0:25:07]} 52. Nf7+ {[%clk 0:07:16]}
Ke6 {[%clk 0:25:19]} 53. Nxe5 {[%clk 0:03:05]} Ng2 {[%clk 0:25:00]} 54. gxh5
{[%clk 0:02:35]} Nxh4 {[%clk 0:25:24]} 55. Kf4 {[%clk 0:02:32]} Kf6 {[%clk
0:19:01]} 56. Ng4+ {[%clk 0:02:04]} Kg7 {[%clk 0:19:25]} 57. Ne3 {[%clk
0:02:24]} Kh6 {[%clk 0:16:04]} 58. Kg4 {[%clk 0:02:45]} Ng6 {[%clk 0:16:30]}
59. Nf5+ {[%clk 0:02:58]} Kh7 {[%clk 0:16:55]} 60. Kg5 {[%clk 0:02:50]} Ne5
{[%clk 0:16:56]} 61. h6 {[%clk 0:02:32]} 1/2-1/2

[Event "Deutsche Ländermeisterschaft 2021"]
[Site "Neumünster GER"]
[Date "2021.10.05"]
[Round "6"]
[White "Albert, Markus"]
[Black "Basovskiy, Jana"]
[Result "1/2-1/2"]
[Termination "normal"]
[Board "1.6"]
[WhiteElo "1938"]
[BlackElo "1915"]
[WhiteClock "00:10:13"]
[BlackClock "00:21:54"]
[WhiteTeam "Bayern"]
[BlackTeam "Baden"]
[PlyCount "56"]
[WhiteFideId "16292626"]
[BlackFideId "16208617"]
[EventCountry "GER"]
[EventRounds "7"]
[EventType "team-swiss"]
[EventDate "2021.10.01"]

1. Nc3 {[%clk 1:30:46]} c5 {[%clk 1:30:47]} 2. Nf3 {[%clk 1:31:10]} e6 {[%clk
1:30:57]} 3. d4 {[%clk 1:31:26]} cxd4 {[%clk 1:28:58]} 4. Nxd4 {[%clk 1:31:48]}
Nc6 {[%clk 1:27:30]} 5. g3 {[%clk 1:31:57]} a6 {[%clk 1:24:06]} 6. Bg2 {[%clk
1:32:00]} Nf6 {[%clk 1:23:29]} 7. e4 {[%clk 1:31:14]} Be7 {[%clk 1:22:28]} 8.
Nxc6 {[%clk 1:30:45]} bxc6 {[%clk 1:18:51]} 9. e5 {[%clk 1:30:56]} Nd5 {[%clk
1:19:09]} 10. Qg4 {[%clk 1:31:19]} g6 {[%clk 1:13:45]} 11. Ne4 {[%clk 1:28:52]}
f5 {[%clk 1:09:15]} 12. exf6 {[%clk 1:27:40]} Nxf6 {[%clk 1:05:51]} 13. Nxf6+
{[%clk 1:27:13]} Bxf6 {[%clk 1:06:11]} 14. h4 {[%clk 1:27:27]} Qa5+ {[%clk
1:04:33]} 15. Kf1 {[%clk 1:22:43]} Bxb2 {[%clk 0:51:01]} 16. Bxb2 {[%clk
0:44:57]} Qb5+ {[%clk 0:51:23]} 17. Qe2 {[%clk 0:45:16]} Qxb2 {[%clk 0:51:38]}
18. Re1 {[%clk 0:45:34]} a5 {[%clk 0:43:54]} 19. Kg1 {[%clk 0:37:26]} O-O
{[%clk 0:36:37]} 20. h5 {[%clk 0:34:27]} Ba6 {[%clk 0:34:38]} 21. Qd2 {[%clk
0:34:11]} Qg7 {[%clk 0:31:47]} 22. hxg6 {[%clk 0:32:20]} hxg6 {[%clk 0:32:01]}
23. Re4 {[%clk 0:32:17]} Rf5 {[%clk 0:25:02]} 24. Reh4 {[%clk 0:27:58]} Qa1+
{[%clk 0:25:04]} 25. Kh2 {[%clk 0:28:20]} Qg7 {[%clk 0:25:27]} 26. Kg1 {[%clk
0:28:13]} Qa1+ {[%clk 0:25:40]} 27. Kh2 {[%clk 0:26:50]} Qg7 {[%clk 0:25:11]}
28. Kg1 {[%clk 0:10:13]} Qa1+ {[%clk 0:21:54]} 1/2-1/2

[Event "Deutsche Ländermeisterschaft 2021"]
[Site "Neumünster GER"]
[Date "2021.10.05"]
[Round "6"]
[White "Bauer, Laura Sophie"]
[Black "Haug, Mara"]
[Result "1/2-1/2"]
[Termination "normal"]
[Board "1.8"]
[WhiteElo "1357"]
[BlackElo "1326"]
[WhiteClock "00:34:50"]
[BlackClock "00:11:23"]
[WhiteTeam "Bayern"]
[BlackTeam "Baden"]
[PlyCount "73"]
[WhiteFideId "16253647"]
[BlackFideId "16259300"]
[EventCountry "GER"]
[EventRounds "7"]
[EventType "team-swiss"]
[EventDate "2021.10.01"]

1. e4 {[%clk 1:30:57]} c5 {[%clk 1:30:54]} 2. Nf3 {[%clk 1:31:22]} Nc6 {[%clk
1:31:19]} 3. d4 {[%clk 1:31:47]} cxd4 {[%clk 1:31:44]} 4. Nxd4 {[%clk 1:32:12]}
g6 {[%clk 1:32:04]} 5. c4 {[%clk 1:32:35]} Bg7 {[%clk 1:32:27]} 6. Be3 {[%clk
1:32:54]} d6 {[%clk 1:31:29]} 7. Be2 {[%clk 1:32:51]} Nf6 {[%clk 1:30:43]} 8.
Nc3 {[%clk 1:32:58]} Bd7 {[%clk 1:28:19]} 9. O-O {[%clk 1:30:42]} O-O {[%clk
1:28:19]} 10. Qc2 {[%clk 1:28:28]} Ng4 {[%clk 1:21:54]} 11. Bxg4 {[%clk
1:25:45]} Bxg4 {[%clk 1:20:26]} 12. Nxc6 {[%clk 1:25:58]} bxc6 {[%clk 1:20:51]}
13. h3 {[%clk 1:26:02]} Be6 {[%clk 1:18:47]} 14. c5 {[%clk 1:25:20]} Qc7 {[%clk
1:07:57]} 15. cxd6 {[%clk 1:25:12]} exd6 {[%clk 1:07:35]} 16. Rfd1 {[%clk
1:17:53]} Rfd8 {[%clk 1:04:38]} 17. Bd4 {[%clk 1:13:54]} Be5 {[%clk 0:54:53]}
18. Nd5 {[%clk 1:11:30]} Bxd5 {[%clk 0:51:49]} 19. exd5 {[%clk 1:11:26]} Bxd4
{[%clk 0:48:38]} 20. Rxd4 {[%clk 1:11:48]} Qb6 {[%clk 0:45:36]} 21. Rad1 {[%clk
1:10:12]} c5 {[%clk 0:41:38]} 22. Re4 {[%clk 1:07:47]} Qb7 {[%clk 0:36:21]} 23.
Rd3 {[%clk 1:02:04]} Re8 {[%clk 0:33:37]} 24. Ra4 {[%clk 0:55:39]} Re5 {[%clk
0:28:10]} 25. Qd2 {[%clk 0:51:56]} Rae8 {[%clk 0:25:43]} 26. b3 {[%clk
0:48:33]} Re1+ {[%clk 0:19:29]} 27. Kh2 {[%clk 0:48:54]} R8e2 {[%clk 0:19:54]}
28. Qf4 {[%clk 0:47:08]} Re5 {[%clk 0:17:51]} 29. Qf6 {[%clk 0:42:22]} Rxd5
{[%clk 0:14:59]} 30. Rxa7 {[%clk 0:41:54]} Qxa7 {[%clk 0:14:36]} 31. Rxd5
{[%clk 0:42:01]} Qxa2 {[%clk 0:14:36]} 32. Rxd6 {[%clk 0:42:03]} Re8 {[%clk
0:13:41]} 33. Qf3 {[%clk 0:40:53]} Qe2 {[%clk 0:12:10]} 34. Rf6 {[%clk
0:35:07]} Qxf3 {[%clk 0:12:22]} 35. Rxf3 {[%clk 0:34:49]} Rb8 {[%clk 0:12:07]}
36. Rc3 {[%clk 0:34:50]} Kf8 {[%clk 0:11:23]} 37. Rxc5 1/2-1/2

[Event "Deutsche Ländermeisterschaft 2021"]
[Site "Neumünster GER"]
[Date "2021.10.05"]
[Round "6"]
[White "Reuker, Jari"]
[Black "Nguyen, Alex Dac-Vuong"]
[Result "1-0"]
[Termination "normal"]
[Board "2.1"]
[BlackTitle "FM"]
[WhiteElo "2404"]
[BlackElo "2286"]
[WhiteClock "00:12:25"]
[BlackClock "00:28:47"]
[WhiteTeam "SG Bremen / Niedersachsen"]
[BlackTeam "Sachsen"]
[PlyCount "95"]
[WhiteFideId "12909300"]
[BlackFideId "12984388"]
[EventCountry "GER"]
[EventRounds "7"]
[EventType "team-swiss"]
[EventDate "2021.10.01"]

1. d4 {[%clk 1:30:55]} Nf6 {[%clk 1:30:55]} 2. c4 {[%clk 1:31:17]} e6 {[%clk
1:31:20]} 3. Nf3 {[%clk 1:31:42]} d5 {[%clk 1:31:45]} 4. g3 {[%clk 1:32:07]}
dxc4 {[%clk 1:32:10]} 5. Bg2 {[%clk 1:32:32]} Bd7 {[%clk 1:32:36]} 6. Qc2
{[%clk 1:29:25]} Bb5 {[%clk 1:25:41]} 7. O-O {[%clk 1:25:24]} Nc6 {[%clk
1:17:29]} 8. Nc3 {[%clk 1:22:16]} Nb4 {[%clk 1:13:02]} 9. Qb1 {[%clk 1:22:22]}
Ba6 {[%clk 1:13:02]} 10. Rd1 {[%clk 0:54:28]} Be7 {[%clk 1:05:57]} 11. Ne5
{[%clk 0:48:16]} O-O {[%clk 1:01:48]} 12. Bg5 {[%clk 0:46:12]} h6 {[%clk
0:56:38]} 13. Bxf6 {[%clk 0:41:17]} Bxf6 {[%clk 0:57:01]} 14. a3 {[%clk
0:38:34]} Nd5 {[%clk 0:57:04]} 15. Na4 {[%clk 0:34:29]} Bxe5 {[%clk 0:53:17]}
16. dxe5 {[%clk 0:34:55]} Qe7 {[%clk 0:53:36]} 17. Qc2 {[%clk 0:26:22]} Rad8
{[%clk 0:52:03]} 18. Rd2 {[%clk 0:25:24]} Bb5 {[%clk 0:41:03]} 19. Nc3 {[%clk
0:22:43]} Nxc3 {[%clk 0:40:08]} 20. Qxc3 {[%clk 0:22:23]} Rxd2 {[%clk 0:40:31]}
21. Qxd2 {[%clk 0:22:49]} b6 {[%clk 0:40:51]} 22. a4 {[%clk 0:21:02]} Rd8
{[%clk 0:40:24]} 23. Qc2 {[%clk 0:20:05]} Ba6 {[%clk 0:40:28]} 24. Rd1 {[%clk
0:19:41]} c5 {[%clk 0:34:23]} 25. Rd2 {[%clk 0:12:02]} Qc7 {[%clk 0:29:39]} 26.
f4 {[%clk 0:12:07]} Rd4 {[%clk 0:14:53]} 27. e3 {[%clk 0:12:02]} Rd3 {[%clk
0:14:24]} 28. Be4 {[%clk 0:11:27]} Qd7 {[%clk 0:14:27]} 29. Bxd3 {[%clk
0:11:19]} cxd3 {[%clk 0:14:52]} 30. Qd1 {[%clk 0:09:35]} Qd5 {[%clk 0:14:51]}
31. Kf2 {[%clk 0:07:21]} c4 {[%clk 0:10:21]} 32. Qf3 {[%clk 0:05:00]} Qd7
{[%clk 0:10:29]} 33. Qa8+ {[%clk 0:04:50]} Kh7 {[%clk 0:10:55]} 34. Qe4+ {[%clk
0:04:54]} g6 {[%clk 0:11:22]} 35. Qd4 {[%clk 0:03:54]} Qc6 {[%clk 0:09:52]} 36.
e4 {[%clk 0:03:24]} Bb7 {[%clk 0:10:01]} 37. Ke3 {[%clk 0:02:56]} a6 {[%clk
0:10:27]} 38. g4 {[%clk 0:02:49]} b5 {[%clk 0:10:43]} 39. axb5 {[%clk 0:02:42]}
axb5 {[%clk 0:11:12]} 40. Rf2 {[%clk 0:00:59]} b4 {[%clk 0:08:29]} 41. f5
{[%clk 0:24:14]} exf5 {[%clk 0:37:08]} 42. gxf5 {[%clk 0:24:32]} c3 {[%clk
0:36:23]} 43. bxc3 {[%clk 0:19:35]} bxc3 {[%clk 0:36:30]} 44. e6 {[%clk
0:15:21]} Qxe4+ {[%clk 0:31:16]} 45. Qxe4 {[%clk 0:15:39]} Bxe4 {[%clk
0:31:44]} 46. exf7 {[%clk 0:13:07]} d2 {[%clk 0:29:23]} 47. f8=Q {[%clk
0:12:34]} d1=N+ {[%clk 0:28:47]} 48. Ke2 {[%clk 0:12:25]} 1-0